000 00862cam a2200217 4500
001 WB3730-35
008 010731n2001 000 0 eng u
035 _a(Sirsi) u113848
245 _aFrustration as code of practice delayed
260 _c2001
490 _aFarmers' Weekly
_v135(4) 27 July 2001, 10(1)
520 _aA code of practice drawn up to to regulate the relationship between farmers and supermarkets appears to have become delayed since being sent to the DTI by the OFT. The code was recommended after the Competition Commission ruled the relationship between supermarkets and farmers was distorting the market.
590 _aWB
650 _aAGRICULTURAL MARKET
650 _aFARM BUSINESSES
650 _aTRADING PRACTICES
650 _aSUPERMARKETS
650 _aFAIR TRADE
690 _aRURAL-AGRICULTURE AND FORESTRY
942 _n0
999 _c67827
_d67827